[Event "Oberliga Ost A 2016 2017"]
[Site "Germany"]
[Date "2017.02.19"]
[Round "7.2"]
[White "Hentze, Markus"]
[Black "Pulpan, Jakub"]
[Result "0-1"]
[WhiteElo "2173"]
[BlackElo "2337"]
[PlyCount "94"]
[EventDate "2016.10.16"]
[EventType "team-tourn"]
[EventCountry "GER"]
[WhiteTeam "Leipzig SG II"]
[BlackTeam "Aue ESV Nickelhuette II"]
[WhiteTeamCountry "GER"]
[BlackTeamCountry "GER"]

1. e4 c5 2. Nf3 d6 3. d4 cxd4 4. Nxd4 Nf6 5. Nc3 a6 6. Be3 Ng4 7. Bc1 Nf6 8.
Be3 e5 9. Nb3 Be6 10. f4 exf4 11. Bxf4 Nc6 12. Qe2 Be7 13. h3 Ne5 14. O-O-O Qc7
15. g4 O-O 16. g5 Nfd7 17. h4 Bg4 18. Qd2 Bxd1 19. Nd5 Qd8 20. Qxd1 Nb6 21. Ne3
a5 22. Nd4 a4 23. Rh2 a3 24. b3 Ng6 25. Bg3 d5 26. Nb5 dxe4 27. Rd2 Qc8 28. Bc7
Bc5 29. Nd5 e3 30. Rh2 Nxd5 31. Qxd5 b6 32. h5 Ne7 33. Qg2 Qf5 34. Bd3 e2 35.
Bxe2 Be3+ 36. Kb1 Bxg5 37. Bd3 Qf6 38. c3 Rfe8 39. Rh1 Nf5 40. Qf2 Ne3 41. Qg3
Rac8 42. Bxb6 Rxc3 43. Bd4 Qc6 44. Bxc3 Qxh1+ 45. Qe1 Qxh5 46. Nxa3 Qd1+ 47.
Qxd1 Nxd1 0-1

[Event "Oberliga Ost A 2016 2017"]
[Site "Germany"]
[Date "2017.02.19"]
[Round "7.3"]
[White "Jurasek, Miroslav"]
[Black "Braun, Gottfried"]
[Result "1-0"]
[WhiteElo "2320"]
[BlackElo "2240"]
[PlyCount "87"]
[EventDate "2016.10.16"]
[EventType "team-tourn"]
[EventCountry "GER"]
[WhiteTeam "Aue ESV Nickelhuette II"]
[BlackTeam "Leipzig SG II"]
[WhiteTeamCountry "GER"]
[BlackTeamCountry "GER"]

1. c4 e5 2. g3 Be7 3. Bg2 Nf6 4. Nc3 O-O 5. Nf3 Nc6 6. O-O d6 7. d4 exd4 8.
Nxd4 Nxd4 9. Qxd4 c6 10. b3 Qa5 11. Bb2 Qh5 12. f3 Bh3 13. Rad1 Rfd8 14. e4
Bxg2 15. Kxg2 Ne8 16. Rd3 Qg6 17. Rfd1 Nc7 18. Qf2 Ne6 19. Kh1 Nc5 20. R3d2 a5
21. Ba3 b6 22. Na4 Nxa4 23. bxa4 Qe6 24. Rc2 Rab8 25. Rb1 c5 26. Kg2 Bf6 27.
Qe2 Qe8 28. Rb5 Qc6 29. Bb2 Be5 30. Qd3 Re8 31. Rd2 Bxb2 32. Rdxb2 Qc7 33. Qb1
f5 34. exf5 Re3 35. R5b3 Rxb3 36. axb3 Re8 37. Qd3 Re5 38. Re2 Rxe2+ 39. Qxe2
Qd7 40. Qe4 Kf7 41. f4 h5 42. h3 Kf6 43. g4 hxg4 44. hxg4 1-0

[Event "Oberliga Ost A 2016 2017"]
[Site "Germany"]
[Date "2017.02.19"]
[Round "7.6"]
[White "Doehn, Raphael"]
[Black "Heinz, Thomas"]
[Result "1/2-1/2"]
[WhiteElo "2131"]
[BlackElo "2144"]
[PlyCount "71"]
[EventDate "2016.10.16"]
[EventType "team-tourn"]
[EventCountry "GER"]
[WhiteTeam "Leipzig SG II"]
[BlackTeam "Aue ESV Nickelhuette II"]
[WhiteTeamCountry "GER"]
[BlackTeamCountry "GER"]

1. e4 e5 2. Nf3 Nc6 3. Bb5 a6 4. Ba4 Nf6 5. O-O d6 6. Re1 Bg4 7. d3 b5 8. Bb3
Nd4 9. Nbd2 Nxb3 10. axb3 Be7 11. h3 Bh5 12. Nf1 O-O 13. g4 Bg6 14. Ng3 h6 15.
Bd2 Nh7 16. Kh2 Ng5 17. Nxg5 Bxg5 18. Bxg5 Qxg5 19. Qf3 Kh7 20. Nf1 f6 21. Ne3
Bf7 22. Qf5+ Qxf5 23. Nxf5 Be6 24. Ra5 Bxf5 25. gxf5 Ra7 26. Rea1 Rfa8 27. Rg1
c6 28. h4 h5 29. f3 Kg8 30. Kg3 Kf7 31. Kf2 Ke8 32. Ke3 Kd8 33. b4 Re7 34. c3
Kc7 35. b3 Kb6 36. Ra2 1/2-1/2

[Event "Oberliga Ost A 2016 2017"]
[Site "Germany"]
[Date "2017.02.19"]
[Round "7.7"]
[White "Poessel, Christian"]
[Black "Pietzsch, Manuel"]
[Result "0-1"]
[WhiteElo "2004"]
[BlackElo "2107"]
[PlyCount "92"]
[EventDate "2016.10.16"]
[EventType "team-tourn"]
[EventCountry "GER"]
[WhiteTeam "Aue ESV Nickelhuette II"]
[BlackTeam "Leipzig SG II"]
[WhiteTeamCountry "GER"]
[BlackTeamCountry "GER"]

1. Nf3 d5 2. g3 Nc6 3. Bg2 e5 4. O-O e4 5. Ne1 f5 6. c4 dxc4 7. Qa4 Be6 8. d3
cxd3 9. exd3 Nf6 10. dxe4 fxe4 11. Bg5 Qd4 12. Qb5 Qb4 13. Na3 O-O-O 14. Qxb4
Bxb4 15. Nec2 Bd5 16. Ne3 Bxa3 17. bxa3 Rhe8 18. Rfe1 Nd4 19. Bxf6 gxf6 20.
Nxd5 Rxd5 21. Rxe4 Rxe4 22. Bxe4 Rd7 23. Rb1 c5 24. a4 Ne2+ 25. Kf1 Nc3 26. Re1
Nxe4 27. Rxe4 Rd2 28. Re8+ Kd7 29. Rb8 Kc6 30. Rf8 Rxa2 31. Rxf6+ Kd5 32. Rf7
Rb2 33. Rxh7 c4 34. Rd7+ Ke4 35. Re7+ Kd3 36. Rd7+ Kc2 37. h4 c3 38. h5 Rb6 39.
a5 Rh6 40. g4 b5 41. axb6 axb6 42. Rd5 Kc1 43. Ke2 c2 44. g5 Re6+ 45. Kd3 Rc6
46. Ke4 Kb1 0-1

[Event "Oberliga Ost A 2016 2017"]
[Site "Germany"]
[Date "2017.02.19"]
[Round "7.8"]
[White "Limpert, Michael"]
[Black "Vlckova, Katerina"]
[Result "1/2-1/2"]
[WhiteElo "2223"]
[BlackElo "1924"]
[PlyCount "51"]
[EventDate "2016.10.16"]
[EventType "team-tourn"]
[EventCountry "GER"]
[WhiteTeam "Leipzig SG II"]
[BlackTeam "Aue ESV Nickelhuette II"]
[WhiteTeamCountry "GER"]
[BlackTeamCountry "GER"]

1. e4 c5 2. Nc3 Nc6 3. g3 g6 4. Bg2 Bg7 5. d3 e6 6. Be3 b6 7. Qd2 Bb7 8. Nf3 a6
9. O-O Rc8 10. Nh4 Nd4 11. Nd1 d5 12. c3 Nb5 13. exd5 Bxd5 14. Bxd5 exd5 15.
Re1 Ne7 16. Bh6 O-O 17. Bxg7 Kxg7 18. Ne3 d4 19. Ng4 Ng8 20. c4 Nc7 21. f4 Nf6
22. Ne5 Nd7 23. Re2 Nxe5 24. Rxe5 Qd6 25. Rae1 Rfe8 26. Nf3 1/2-1/2

[Event "Oberliga Ost A 2016 2017"]
[Site "Germany"]
[Date "2017.02.19"]
[Round "7.1"]
[White "Mueller, Richard"]
[Black "Lechtynsky, Jiri"]
[Result "1/2-1/2"]
[WhiteElo "2170"]
[BlackElo "2354"]
[PlyCount "31"]
[EventDate "2016.10.16"]
[EventType "team-tourn"]
[EventCountry "GER"]
[WhiteTeam "Coswig TuS"]
[BlackTeam "Hoyerswerda FVS ASP"]
[WhiteTeamCountry "GER"]
[BlackTeamCountry "GER"]

1. d4 Nf6 2. c4 e6 3. Nc3 Bb4 4. e3 O-O 5. Nge2 d5 6. cxd5 exd5 7. a3 Bd6 8. g3
Re8 9. Bg2 c6 10. O-O a5 11. Qc2 Nbd7 12. f3 c5 13. Nb5 Bf8 14. Nf4 b6 15. Rd1
Bb7 16. Bd2 1/2-1/2

[Event "Oberliga Ost A 2016 2017"]
[Site "Germany"]
[Date "2017.02.19"]
[Round "7.2"]
[White "Orsag, Milan"]
[Black "Pietsch, Michael"]
[Result "0-1"]
[WhiteElo "2332"]
[BlackElo "2146"]
[PlyCount "72"]
[EventDate "2016.10.16"]
[EventType "team-tourn"]
[EventCountry "GER"]
[WhiteTeam "Hoyerswerda FVS ASP"]
[BlackTeam "Coswig TuS"]
[WhiteTeamCountry "GER"]
[BlackTeamCountry "GER"]

1. d4 Nf6 2. c4 e6 3. g3 d5 4. Bg2 Bb4+ 5. Bd2 Be7 6. Nf3 c6 7. b3 b6 8. O-O
Ba6 9. Ne5 Nfd7 10. Nxd7 Nxd7 11. Bc3 Rc8 12. Nd2 O-O 13. Re1 b5 14. e4 bxc4
15. bxc4 dxc4 16. Rb1 Nb6 17. a4 c5 18. d5 exd5 19. exd5 Bf6 20. Bxf6 Qxf6 21.
a5 Nd7 22. Bh3 Rcd8 23. Ne4 Qd4 24. Bxd7 Rxd7 25. Qf3 f5 26. Nc3 Bb7 27. Red1
Qf6 28. Rb5 Qd6 29. Qe3 Rc8 30. Rb2 Re7 31. Qf3 Rce8 32. Qxf5 Bc8 33. Qf4 Bh3
34. Rbb1 Qg6 35. f3 Qc2 36. Qd2 Re1+ 0-1

[Event "Oberliga Ost A 2016 2017"]
[Site "Germany"]
[Date "2017.02.19"]
[Round "7.3"]
[White "Schweitzer, Andreas"]
[Black "Jahnel, Guenther"]
[Result "1/2-1/2"]
[WhiteElo "2210"]
[BlackElo "2270"]
[PlyCount "81"]
[EventDate "2016.10.16"]
[EventType "team-tourn"]
[EventCountry "GER"]
[WhiteTeam "Coswig TuS"]
[BlackTeam "Hoyerswerda FVS ASP"]
[WhiteTeamCountry "GER"]
[BlackTeamCountry "GER"]

1. e4 d6 2. d4 Nf6 3. Nc3 g6 4. f4 Bg7 5. Nf3 c5 6. dxc5 Qa5 7. Qd4 O-O 8. cxd6
exd6 9. Qd2 Re8 10. Bd3 Qb6 11. Qe3 Bf5 12. Qxb6 axb6 13. Kf2 Nxe4+ 14. Nxe4
Bxe4 15. Bxe4 Rxe4 16. c3 Nd7 17. Be3 Nf6 18. Bd2 Rea4 19. Rhd1 Rxa2 20. Rxa2
Rxa2 21. Bc1 Bf8 22. Nd4 d5 23. Kf3 Bc5 24. Nb3 h5 25. g3 Kf8 26. h3 Ke7 27. g4
hxg4+ 28. hxg4 Ke6 29. Nd4+ Bxd4 30. Rxd4 Ra1 31. Be3 Rf1+ 32. Ke2 Rb1 33. Rb4
Nxg4 34. Rxb6+ Kf5 35. Rxb7 f6 36. Rb5 Ke4 37. Rb4+ Kf5 38. Rb5 Ke4 39. Rb4+
Kf5 40. Rb5 Ke4 41. Rb4+ 1/2-1/2

[Event "Oberliga Ost A 2016 2017"]
[Site "Germany"]
[Date "2017.02.19"]
[Round "7.4"]
[White "Hovsepyan, Vardan"]
[Black "Escher, Thomas"]
[Result "1-0"]
[WhiteElo "2162"]
[BlackElo "2181"]
[PlyCount "91"]
[EventDate "2016.10.16"]
[EventType "team-tourn"]
[EventCountry "GER"]
[WhiteTeam "Hoyerswerda FVS ASP"]
[BlackTeam "Coswig TuS"]
[WhiteTeamCountry "GER"]
[BlackTeamCountry "GER"]

1. d4 d5 2. e3 Nf6 3. Bd3 Nc6 4. f4 Nb4 5. Nf3 Nxd3+ 6. cxd3 c6 7. O-O Bg4 8.
Nc3 e6 9. e4 dxe4 10. dxe4 Bb4 11. Qd3 O-O 12. Ne5 Bh5 13. h3 Ne8 14. Qc4 Bxc3
15. bxc3 Nd6 16. Qd3 f6 17. Nf3 Bg6 18. Nd2 Qa5 19. c4 Rfd8 20. Bb2 e5 21. c5
Nb5 22. fxe5 fxe5 23. Qb3+ Kh8 24. Nc4 Qc7 25. Nxe5 Nxd4 26. Bxd4 Rxd4 27. Qe6
Rd2 28. Rf4 Qd8 29. Raf1 Bh5 30. Qf5 g5 31. Nxc6 bxc6 32. Qe5+ Kg8 33. Qe6+ Kh8
34. Rf8+ Qxf8 35. Rxf8+ Rxf8 36. Qe5+ Kg8 37. Qxg5+ Bg6 38. Qxd2 Bxe4 39. Qg5+
Bg6 40. Qe7 a5 41. Qe6+ Kg7 42. Qxc6 Be8 43. Qc7+ Kg6 44. Qxa5 Rf6 45. Qb4 Kf7
46. Qb7+ 1-0

[Event "Oberliga Ost A 2016 2017"]
[Site "Germany"]
[Date "2017.02.19"]
[Round "7.5"]
[White "Klawa, Patrick"]
[Black "Kesik, Klaus Dieter"]
[Result "1-0"]
[WhiteElo "2187"]
[BlackElo "2220"]
[PlyCount "73"]
[EventDate "2016.10.16"]
[EventType "team-tourn"]
[EventCountry "GER"]
[WhiteTeam "Coswig TuS"]
[BlackTeam "Hoyerswerda FVS ASP"]
[WhiteTeamCountry "GER"]
[BlackTeamCountry "GER"]

1. e4 Nf6 2. e5 Nd5 3. d4 d6 4. Bc4 Nb6 5. Bb3 d5 6. Nd2 Bf5 7. g4 Bd7 8. Nf1
a5 9. c3 Na6 10. Ne3 a4 11. Bc2 c5 12. f4 cxd4 13. cxd4 Rc8 14. Nf3 Nc4 15. f5
e6 16. O-O b5 17. Ng2 Be7 18. b3 Na3 19. Bd3 Qa5 20. Bb2 h5 21. f6 gxf6 22.
exf6 Bf8 23. g5 Qb6 24. Ne5 Nc4 25. bxc4 bxc4 26. Bc2 Qxb2 27. Bxa4 Nc5 28.
Nxd7 Nxd7 29. Rb1 Qa3 30. Rb7 Rd8 31. Rf3 c3 32. Qc2 Bb4 33. g6 Rg8 34. gxf7+
Kxf7 35. Bxd7 Rxg2+ 36. Kxg2 Rg8+ 37. Kh3 1-0

[Event "Oberliga Ost A 2016 2017"]
[Site "Germany"]
[Date "2017.02.19"]
[Round "7.6"]
[White "Graf, Roland"]
[Black "Hofmann, Rares"]
[Result "0-1"]
[WhiteElo "2140"]
[BlackElo "2081"]
[PlyCount "50"]
[EventDate "2016.10.16"]
[EventType "team-tourn"]
[EventCountry "GER"]
[WhiteTeam "Hoyerswerda FVS ASP"]
[BlackTeam "Coswig TuS"]
[WhiteTeamCountry "GER"]
[BlackTeamCountry "GER"]

1. e4 e5 2. Nf3 Nc6 3. Bb5 a6 4. Ba4 Nf6 5. d3 Bc5 6. O-O b5 7. Bb3 O-O 8. Nc3
d6 9. Nd5 Nxd5 10. Bxd5 Qe8 11. c3 Rb8 12. b4 Bb6 13. a4 Ne7 14. Bb3 Kh8 15. c4
bxc4 16. Bxc4 f5 17. Rb1 fxe4 18. dxe4 Qg6 19. Qd3 d5 20. Bxd5 Nxd5 21. Qxd5
Bb7 22. Nxe5 Qe8 23. Qd7 Qxe5 24. Bb2 Qg5 25. h4 Qg3 0-1

[Event "Oberliga Ost A 2016 2017"]
[Site "Germany"]
[Date "2017.02.19"]
[Round "7.8"]
[White "Heyme, Sibylle"]
[Black "Wolf, Mario"]
[Result "1/2-1/2"]
[WhiteElo "2036"]
[BlackElo "1966"]
[PlyCount "22"]
[EventDate "2016.10.16"]
[EventType "team-tourn"]
[EventCountry "GER"]
[WhiteTeam "Hoyerswerda FVS ASP"]
[BlackTeam "Coswig TuS"]
[WhiteTeamCountry "GER"]
[BlackTeamCountry "GER"]

1. e4 e6 2. d4 d5 3. exd5 exd5 4. Bd3 Bd6 5. Nf3 Ne7 6. Nc3 c6 7. Bg5 f6 8. Bd2
Bf5 9. Bxf5 Nxf5 10. Qe2+ Qe7 11. O-O-O Qxe2 1/2-1/2

[Event "Oberliga Ost A 2016 2017"]
[Site "Germany"]
[Date "2017.02.19"]
[Round "7.1"]
[White "Zwahr, Paul"]
[Black "Moehn, Hans"]
[Result "1/2-1/2"]
[WhiteElo "2318"]
[BlackElo "2413"]
[PlyCount "34"]
[EventDate "2016.10.16"]
[EventType "team-tourn"]
[EventCountry "GER"]
[WhiteTeam "Dresden SG Gruen Weiss"]
[BlackTeam "Dresden USV TU II"]
[WhiteTeamCountry "GER"]
[BlackTeamCountry "GER"]

1. e4 c5 2. Nf3 d6 3. c3 e6 4. d4 d5 5. exd5 exd5 6. Be2 Nf6 7. O-O h6 8. Re1
Be6 9. c4 Nc6 10. cxd5 Nxd5 11. Nc3 Be7 12. Nxd5 Qxd5 13. dxc5 Qxd1 14. Bxd1
Bxc5 15. Bb3 Ke7 16. Bxe6 fxe6 17. Be3 Bxe3 1/2-1/2

[Event "Oberliga Ost A 2016 2017"]
[Site "Germany"]
[Date "2017.02.19"]
[Round "7.2"]
[White "Wegener, Dirk"]
[Black "Siedentopf, Daniel"]
[Result "1-0"]
[WhiteElo "2349"]
[BlackElo "2292"]
[PlyCount "107"]
[EventDate "2016.10.16"]
[EventType "team-tourn"]
[EventCountry "GER"]
[WhiteTeam "Dresden USV TU II"]
[BlackTeam "Dresden SG Gruen Weiss"]
[WhiteTeamCountry "GER"]
[BlackTeamCountry "GER"]

1. e4 e6 2. d4 d5 3. Nc3 Bb4 4. e5 c5 5. a3 Bxc3+ 6. bxc3 Ne7 7. Nf3 h6 8. h4
b6 9. Bb5+ Bd7 10. Bd3 Ba4 11. h5 c4 12. Be2 Kd7 13. Nh4 Qg8 14. g4 Qh7 15. Ra2
Na6 16. O-O g6 17. hxg6 fxg6 18. f4 g5 19. Ng2 Rag8 20. f5 Nc7 21. f6 Nc6 22.
Kf2 Nb5 23. Qd2 h5 24. gxh5 g4 25. Nf4 Qe4 26. Kg3 Nxc3 27. f7 Rg7 28. Qxc3
Nxd4 29. Qb4 Rxf7 30. Bxg4 Rg8 31. Qxa4+ Kc8 32. c3 Rxg4+ 33. Kxg4 Qf5+ 34. Kh4
Rg7 35. Rg2 Rxg2 36. Nxg2 Qxf1 37. cxd4 Qxg2 38. Qd1 Qe4+ 39. Kg3 b5 40. Bg5
Kb7 41. Qf3 Qxd4 42. Qf7+ Ka6 43. Qxe6+ Ka5 44. Qe7 Qd3+ 45. Kg4 Qe4+ 46. Bf4
Ka6 47. Qd6+ Kb7 48. e6 d4 49. e7 Qg2+ 50. Kf5 Qh3+ 51. Kg6 Qg4+ 52. Bg5 Qe4+
53. Kg7 d3 54. Qd7+ 1-0

[Event "Oberliga Ost A 2016 2017"]
[Site "Germany"]
[Date "2017.02.19"]
[Round "7.3"]
[White "Rudolf, Sebastian"]
[Black "Kukel, Imre"]
[Result "1/2-1/2"]
[WhiteElo "2270"]
[BlackElo "2251"]
[PlyCount "65"]
[EventDate "2016.10.16"]
[EventType "team-tourn"]
[EventCountry "GER"]
[WhiteTeam "Dresden SG Gruen Weiss"]
[BlackTeam "Dresden USV TU II"]
[WhiteTeamCountry "GER"]
[BlackTeamCountry "GER"]

1. e4 c5 2. Nf3 d6 3. Bb5+ Nd7 4. O-O a6 5. Bd3 Ngf6 6. Re1 Qc7 7. b3 b5 8. c4
bxc4 9. Bxc4 Nb6 10. Bf1 Bb7 11. Nc3 e6 12. Bb2 Be7 13. Rc1 O-O 14. d4 Rfd8 15.
Bd3 e5 16. dxe5 dxe5 17. Qe2 Nfd7 18. Rcd1 Re8 19. Nd2 Nf6 20. Nc4 Nbd7 21. Qf3
Nf8 22. Nd5 Nxd5 23. Bxe5 Qd8 24. exd5 Ng6 25. Bb2 a5 26. Bc2 a4 27. bxa4 Rb8
28. Ne5 Bf6 29. Nc6 Rxe1+ 30. Rxe1 Bxc6 31. Bxf6 Qxd5 32. Qxd5 Bxd5 33. Bc3
1/2-1/2

[Event "Oberliga Ost A 2016 2017"]
[Site "Germany"]
[Date "2017.02.19"]
[Round "7.4"]
[White "Salzmann, Peter"]
[Black "Gehmlich, Marcel"]
[Result "1/2-1/2"]
[WhiteElo "2136"]
[BlackElo "2194"]
[PlyCount "76"]
[EventDate "2016.10.16"]
[EventType "team-tourn"]
[EventCountry "GER"]
[WhiteTeam "Dresden USV TU II"]
[BlackTeam "Dresden SG Gruen Weiss"]
[WhiteTeamCountry "GER"]
[BlackTeamCountry "GER"]

1. c4 b6 2. Nf3 Bb7 3. g3 Nf6 4. Bg2 c5 5. O-O g6 6. Nc3 Bg7 7. d3 O-O 8. e4
Nc6 9. Bg5 h6 10. Be3 Ng4 11. Bd2 Nge5 12. Nxe5 Nxe5 13. Qe2 Nc6 14. Be3 Nd4
15. Qd2 Kh7 16. f4 e6 17. Rf2 d6 18. Raf1 Qd7 19. h3 f5 20. g4 Rae8 21. Ne2
Nxe2+ 22. Rxe2 d5 23. gxf5 gxf5 24. cxd5 exd5 25. e5 d4 26. Bf2 Bxg2 27. Kxg2
Qd5+ 28. Kh2 Qxa2 29. Rg1 Rg8 30. Bh4 Qd5 31. Reg2 Bh8 32. Qe2 Rxg2+ 33. Rxg2
Qf7 34. Qf3 Bg7 35. Qc6 Re6 36. Qc8 Re8 37. Qc6 Re6 38. Qc8 Re8 1/2-1/2

[Event "Oberliga Ost A 2016 2017"]
[Site "Germany"]
[Date "2017.02.19"]
[Round "7.5"]
[White "Zimmermann, Rene"]
[Black "Ledfuss, Guntram"]
[Result "1-0"]
[WhiteElo "2140"]
[BlackElo "2064"]
[PlyCount "111"]
[EventDate "2016.10.16"]
[EventType "team-tourn"]
[EventCountry "GER"]
[WhiteTeam "Dresden SG Gruen Weiss"]
[BlackTeam "Dresden USV TU II"]
[WhiteTeamCountry "GER"]
[BlackTeamCountry "GER"]

1. d4 Nf6 2. Nf3 d5 3. Bf4 g6 4. e3 Bg7 5. h3 O-O 6. c4 c5 7. Nc3 cxd4 8. exd4
Nc6 9. Rc1 Bf5 10. c5 Ne4 11. Be2 Qa5 12. a3 Nxc3 13. Rxc3 Be4 14. b4 Qd8 15.
Be3 e5 16. dxe5 Nxe5 17. Bd4 Bxf3 18. Bxf3 Qh4 19. Bxe5 Bxe5 20. Rd3 Qe7 21.
O-O d4 22. Re1 Qc7 23. Bxb7 Rad8 24. Bf3 Kg7 25. Qb3 Rfe8 26. a4 a5 27. Rc1 Bf4
28. Rcd1 Be5 29. bxa5 Qxa5 30. Qb6 Bc7 31. Qxa5 Bxa5 32. Rxd4 Re1+ 33. Rxe1
Rxd4 34. Re7 Bb4 35. Rc7 Rc4 36. Rxf7+ Kxf7 37. Bd5+ Ke7 38. Bxc4 Bxc5 39. Bd3
Kf6 40. a5 h6 41. Kf1 g5 42. Ke2 Ke5 43. Kf3 h5 44. Bg6 h4 45. Be8 Ba7 46. Bb5
Bb8 47. a6 Ba7 48. Bd7 Bb8 49. Kg4 Kf6 50. Bc8 Kg6 51. f4 gxf4 52. Kxh4 Ba7 53.
Kg4 Be3 54. Kf3 Kg5 55. g3 Ba7 56. h4+ 1-0

[Event "Oberliga Ost A 2016 2017"]
[Site "Germany"]
[Date "2017.02.19"]
[Round "7.6"]
[White "Clopes Llahi, Judit"]
[Black "Nake, Matthias"]
[Result "1/2-1/2"]
[WhiteElo "2121"]
[BlackElo "2217"]
[PlyCount "32"]
[EventDate "2016.10.16"]
[EventType "team-tourn"]
[EventCountry "GER"]
[WhiteTeam "Dresden USV TU II"]
[BlackTeam "Dresden SG Gruen Weiss"]
[WhiteTeamCountry "GER"]
[BlackTeamCountry "GER"]

1. e4 c5 2. Nf3 Nc6 3. Bb5 g6 4. O-O Bg7 5. Qe2 e5 6. a4 Nge7 7. Nc3 O-O 8. d3
d6 9. h3 h6 10. Nd5 Nxd5 11. exd5 Ne7 12. Bc4 Kh7 13. Nh2 f5 14. f4 b6 15. c3
Bb7 16. Qf3 Qe8 1/2-1/2

[Event "Oberliga Ost A 2016 2017"]
[Site "Germany"]
[Date "2017.02.19"]
[Round "7.7"]
[White "Hutsch, Oliver"]
[Black "Ader, Gunter"]
[Result "1-0"]
[WhiteElo "2119"]
[BlackElo "2023"]
[PlyCount "71"]
[EventDate "2016.10.16"]
[EventType "team-tourn"]
[EventCountry "GER"]
[WhiteTeam "Dresden SG Gruen Weiss"]
[BlackTeam "Dresden USV TU II"]
[WhiteTeamCountry "GER"]
[BlackTeamCountry "GER"]

1. d4 Nf6 2. c4 e6 3. Nf3 Bb4+ 4. Bd2 Bxd2+ 5. Qxd2 O-O 6. Nc3 d5 7. e3 b6 8.
cxd5 exd5 9. Bd3 Re8 10. Qc2 c5 11. dxc5 bxc5 12. O-O c4 13. Be2 Nc6 14. Rad1
Qa5 15. Nd4 Bb7 16. Bf3 Nb4 17. Qd2 Qc7 18. a3 Nd3 19. Be2 Ne4 20. Nxe4 dxe4
21. Qc3 Rac8 22. Bg4 Rb8 23. Be2 Rbc8 24. Bg4 Rb8 25. Rd2 Bd5 26. b3 g6 27. Rc2
f5 28. bxc4 Bxc4 29. Bxf5 gxf5 30. Qxc4+ Qxc4 31. Rxc4 f4 32. exf4 Nxf4 33. Rc7
Rbd8 34. Nf5 Rf8 35. Nh6+ Kh8 36. Nf7+ 1-0

[Event "Oberliga Ost A 2016 2017"]
[Site "Germany"]
[Date "2017.02.19"]
[Round "7.8"]
[White "Oehl, Tim"]
[Black "Kunze, Christopher"]
[Result "1-0"]
[WhiteElo "2126"]
[BlackElo "2085"]
[PlyCount "179"]
[EventDate "2016.10.16"]
[EventType "team-tourn"]
[EventCountry "GER"]
[WhiteTeam "Dresden USV TU II"]
[BlackTeam "Dresden SG Gruen Weiss"]
[WhiteTeamCountry "GER"]
[BlackTeamCountry "GER"]

1. Nf3 Nf6 2. c4 g6 3. b3 Bg7 4. Bb2 O-O 5. g3 d6 6. Bg2 e5 7. d3 Nc6 8. O-O
Re8 9. Nbd2 a5 10. a3 Bf5 11. e4 Bd7 12. Qc2 Qc8 13. Bc3 Bh3 14. b4 Bxg2 15.
Kxg2 axb4 16. axb4 Qe6 17. h3 Bh6 18. Nb3 Nd7 19. b5 Ne7 20. Bb4 b6 21. Ng1 Nc5
22. Ne2 f5 23. f3 Rf8 24. Rxa8 Rxa8 25. Nc3 Rf8 26. Bxc5 dxc5 27. Qe2 Qd6 28.
Ra1 Rd8 29. Nd5 Nxd5 30. exd5 Re8 31. Re1 Bg7 32. d4 e4 33. dxc5 bxc5 34. Qf2
Bc3 35. Re2 exf3+ 36. Kxf3 Rxe2 37. Kxe2 Bb4 38. Qe3 Kf7 39. Kf3 Kf8 40. Nc1
Qf6 41. Nd3 Qa1 42. Nf2 Qf1 43. Qe2 Qa1 44. Kg2 Qd4 45. Qd3 Qe5 46. Nd1 Kf7 47.
Qe3 Qf6 48. Nf2 Kf8 49. Qh6+ Kg8 50. Qf4 Qe7 51. g4 fxg4 52. Qxg4 Bc3 53. Qe4
Qf7 54. Ng4 Kg7 55. Qf3 Qxf3+ 56. Kxf3 Kf7 57. Ke4 Ke7 58. Nf2 Kd6 59. Nd3 Bf6
60. Nf4 Bg5 61. Ne6 Be7 62. Kf4 Kd7 63. Ke5 Kc8 64. Kf4 Kd7 65. Ng5 Bd6+ 66.
Kg4 h5+ 67. Kf3 Be7 68. Ne6 g5 69. Ng7 g4+ 70. hxg4 hxg4+ 71. Kxg4 Bf6 72. Ne6
Kd6 73. Kf5 Bc3 74. Ng5 Bd4 75. Ne4+ Ke7 76. Kg6 Be3 77. Ng3 Bf2 78. Nf5+ Kd7
79. Kf7 Bg1 80. Ne7 Bd4 81. Ng8 Kd6 82. Ke8 Bc3 83. Ne7 Bf6 84. Nc8+ Ke5 85.
Kd7 Kd4 86. b6 Kxc4 87. b7 Kxd5 88. b8=Q c4 89. Qxc7 Be5 90. Nb6+ 1-0

[Event "Oberliga Ost A 2016 2017"]
[Site "Germany"]
[Date "2017.02.19"]
[Round "7.1"]
[White "Kuchynka, Lukas"]
[Black "Fodor, Tamas Jr"]
[Result "0-1"]
[WhiteElo "2260"]
[BlackElo "2511"]
[PlyCount "98"]
[EventDate "2016.10.16"]
[EventType "team-tourn"]
[EventCountry "GER"]
[WhiteTeam "Magdeburg SV Rochade"]
[BlackTeam "Halle USV"]
[WhiteTeamCountry "GER"]
[BlackTeamCountry "GER"]

1. d4 d5 2. Nf3 Bf5 3. c4 e6 4. Nc3 Nc6 5. a3 h6 6. cxd5 exd5 7. Bf4 Nf6 8. e3
Bd6 9. Bg3 O-O 10. Bd3 Bg4 11. O-O Ne7 12. b4 a6 13. Rb1 c6 14. Be2 Bxf3 15.
Bxf3 Nf5 16. Qc2 g6 17. a4 Bxg3 18. hxg3 Qe7 19. b5 axb5 20. axb5 h5 21. Rfe1
Kg7 22. bxc6 bxc6 23. Na4 Rac8 24. Nc5 Rfe8 25. Rb4 Nd6 26. Ra1 g5 27. Rba4 g4
28. Ra7 Rc7 29. Rxc7 Qxc7 30. Be2 Rh8 31. Nd3 Nde4 32. Nf4 h4 33. gxh4 g3 34.
fxg3 Nxg3 35. h5 Qe7 36. Kf2 Nfe4+ 37. Kg1 Nd6 38. Qd3 Qh4 39. Nh3 Re8 40. Bf3
Ndf5 41. Re1 Nxh5 42. Qc3 Nf6 43. Re2 Qg3 44. Qxc6 Rh8 45. Nf4 Qh2+ 46. Kf2
Qh4+ 47. Kg1 Qh2+ 48. Kf2 Nxd4 49. exd4 Qxf4 0-1

[Event "Oberliga Ost A 2016 2017"]
[Site "Germany"]
[Date "2017.02.19"]
[Round "7.2"]
[White "Hoepfl, Thomas"]
[Black "Tuma, Jakub"]
[Result "1-0"]
[WhiteElo "2288"]
[BlackElo "2261"]
[PlyCount "79"]
[EventDate "2016.10.16"]
[EventType "team-tourn"]
[EventCountry "GER"]
[WhiteTeam "Halle USV"]
[BlackTeam "Magdeburg SV Rochade"]
[WhiteTeamCountry "GER"]
[BlackTeamCountry "GER"]

1. e4 c5 2. Nf3 e6 3. d3 Nc6 4. g3 d5 5. Qe2 Be7 6. Bg2 Nf6 7. O-O b5 8. exd5
exd5 9. c4 Bg4 10. cxb5 Nd4 11. Qd1 O-O 12. Nc3 a6 13. bxa6 Rxa6 14. h3 Nxf3+
15. Bxf3 Bxh3 16. Re1 Re6 17. Bf4 d4 18. Rxe6 Bxe6 19. Ne2 Bd5 20. Nc1 Qd7 21.
Bg5 Qf5 22. Bxd5 Qxg5 23. Bg2 h5 24. Nb3 h4 25. gxh4 Qxh4 26. Nd2 Bd6 27. Qf3
Re8 28. Qh3 Qf4 29. Nf1 Ng4 30. Qf3 Qg5 31. a4 Qh4 32. a5 Bh2+ 33. Nxh2 Qxh2+
34. Kf1 Qh5 35. Qg3 Qg6 36. a6 Ne3+ 37. Kg1 Qxg3 38. fxg3 Nxg2 39. Kxg2 Ra8 40.
Kf3 1-0

[Event "Oberliga Ost A 2016 2017"]
[Site "Germany"]
[Date "2017.02.19"]
[Round "7.3"]
[White "Bednar, Marcel"]
[Black "Puls, Thomas"]
[Result "1/2-1/2"]
[WhiteElo "2282"]
[BlackElo "2208"]
[PlyCount "39"]
[EventDate "2016.10.16"]
[EventType "team-tourn"]
[EventCountry "GER"]
[WhiteTeam "Magdeburg SV Rochade"]
[BlackTeam "Halle USV"]
[WhiteTeamCountry "GER"]
[BlackTeamCountry "GER"]

1. d4 f5 2. g3 Nf6 3. Bg2 g6 4. c3 Bg7 5. Qb3 Nc6 6. Nh3 b6 7. Bxc6 dxc6 8. Nf4
Nd5 9. Nd2 a5 10. Nf3 O-O 11. a4 e6 12. h4 Bf6 13. Nd3 Re8 14. Bg5 Ba6 15. c4
Nb4 16. Rd1 Nxd3+ 17. Qxd3 c5 18. b3 cxd4 19. Bxf6 Qxf6 20. Qxd4 1/2-1/2